000 00529nam a2200181Ia 4500
003 GCL
008 140319s9999 xx 000 0 ara d
040 _aGCL /
_cGCL
082 0 4 _a813.083
_bب ق
100 1 _aبكر درويش
245 1 0 _aقضية حسنى مورو: العشق القاتل /
_cبكر درويش
300 _a128 ص
490 _aكتابات معاصرة
_v0
650 0 4 _aالادب العربى
650 0 4 _aالقصص العربية
650 0 4 _aالقصص الاجتماعية
942 _2ddc
_cBK
999 _c47093
_d47093